000 00233nam a22001097a 4500
999 _c168523
_d168523
082 _a
_b
100 _aHarshanarayan
245 _aYasha Kalidas/
_cby Harshanarayan.
260 _aMathura:
_bJawahar,
_c
650 _a
942 _cBK